Homonym Slideshow V Quiz Stats

Quiz Updated Oct 21, 2015

Challenge
Share
Tweet
Score 0/20 Timer 05:00
0 Plays Today
% Correct
flush
99.1%
file
95.4%
scales
94%
fire
93.6%
tap
92.2%
pan
90.8%
spit
90.2%
vault
89.4%
loaf
89.4%
temple
87.2%
% Correct
pitch
86.7%
purse
83%
buck
80.7%
till
77.7%
sty
75.3%
pat
71.4%
sash
64.9%
stole
56.5%
crook
56.2%
pike
36.5%

You're not logged in!

Compare scores with friends on all Sporcle quizzes.
Join for Free
OR
Log In

You Might Also Like...

Show Comments

Extras

Top Quizzes Today


Score Distribution

Your Account Isn't Verified!

In order to create a playlist on Sporcle, you need to verify the email address you used during registration. Go to your Sporcle Settings to finish the process.

Report this User

Report this user for behavior that violates our Community Guidelines.

Details: